00746nam a2200205 a 450000100100000000500170001000800410002704000250006808200190009310000340011224500580014626000610020450000380026565000280030365000310033191000370036204900090039995201170040899900150052500001020620240412074216.0091005s1956 dr 001 p spa d aDO-SdBNPbspacBNPHU aRD861.4bO775t1 aOrtíz, Fernándo A.92520610aTerritorialidad semántica /cFernándo A. Ortíz. aCiudad Trujillo, República Dominicana, :bOlga,c1956. aAño del benefactor de la Patria 0aPoesía dominicana966 0aLiteratura dominicana.967 aValidado. Control de calidad MFF aBNPD 0010718PDaPDbPDcCTd2009-10-05iLF1l0oRD861.4 O775tp10206-10r2020-06-25w2020-06-25yLFPDZNo se presta c9965d9965